Basic Knowledge Test - Statistics

General Stats
  • This quiz has been taken 46 times
  • The average score is 9 of 16
Answer Stats
Question Answer % Correct
Food that doesn't spoil Honey
98%
Capital of the United Kingdom London
85%
Largest Christian Denomination Roman Catholic Church
73%
Started the Protestant Revolution Luther
68%
Where is the Hornets basketball team? Charlotte
63%
The Capital of Azerbaijan Baku
61%
Newest Country South Sudan
61%
What kind of shark is known to travel into freshwater? Bull Shark
59%
The Team LeBron started off with Cleveland Cavaliers
54%
Which of the Following is not a Taylor Swift song? Fever Dream
51%
Memphis Basketball Team Grizzlies
51%
Smallest City in the United States Monowi, Nebraska
41%
Most Popular Sport in Bhutan Archery
32%
Most National Languages for a country Papua New Guinea
32%
Which of the following is a berry? Banana
22%
Largest metropolitan area in South Carolina Greenville
10%
No matching quizzes found
Score Distribution
Percent of People with Each Score
Percentile by Number Answered
Your Score History
You have not taken this quiz